000 00393nam a2200133Ia 4500
008 210210b1990 xxu||||| |||| 00| 0 eng d
082 _a370.11 KOIL
100 _aKOIKARA (Felix).
245 _aLive your values teachers guide: a resource book for value education.
260 _aMadras.
_bValue Clarification Strategies.,
_c1990
300 _avii,233
690 _aEducation
906 _a052328
999 _c100581
_d100581